000 02043cam a22004934i 4500
003 PE-LiUPU
005 20250731173554.0
008 150616s1996 sp rb 000 0 spa d
020 _a8481640980
035 _a(Sirsi) i9788481640984
040 _aPE-LiUPU
_bspa
_cPE-LiUPU
_erda
049 _aPRUA
082 0 4 _a231
_bE93
_221
100 1 _aEstrada Díaz, Juan Antonio,
_eautor.
245 1 0 _aDios en las Tradiciones Filosóficas :
_bDe la Muerte de Dios a la Crisis del Sujeto /
_cJuan Antonio Estrada.
264 1 _aMadrid :
_bEd. Trotta S.A.,
_c1996.
300 _a291 páginas ;
_c23 centímetros.
336 _atext
_2rdacontent
337 _aunmediated
_2rdamedia
338 _avolume
_2rdacarrier
490 1 _aColección Paradigmas. Biblioteca de ciencias de las religiones ;
_v11
504 _aBibliografía al pie de páginas.
505 0 _aEl teísmo antropológico en la filosofía griega -- Metafísica de la subjetividad y hermenéutica cristiana -- La crisis de la modernidad -- El mito cartesiano -- Del teísmo moral a la existencia de Dios -- Inmanencia histórica y trascendencia de Dios -- El ateísmo humanista posthegeliano -- De la crítica religiosa a la denuncia del humanismo -- La crisis de fundamentación del teísmo filosófico.
526 _aSEG42
526 _aSEG41
526 _aSEG40
526 _aSEG39
526 _aP94
526 _aP87
526 _aP86
526 _aP85
526 _aP77
526 _aP76
526 _aP35
650 0 4 _aDeísmo.
650 0 4 _aDeism.
910 _ajck
_bjvq
_cjck
942 _2ddc
_cBOOK
949 _a231 E93
_wDEWEY
_c1
_i43461
_lCCODEBUL1
_mBUL
_r0
_sY
_tBOOK
_u2015-6-16
_xTEOLOGIA
_zUNKNOWN
_0COMPRA
_o.STAFF. Colección Teología
994 _aC0
_bPEPRU
596 _a1
999 _a231 E93
_wDEWEY
_c61431
_i43461
_e2017-4-24
_f2021-11-9
_g5
_lCCODEBUL1
_mBUL
_n1
_p15.00
_q1
_r0
_sY
_tBOOK
_u2015-6-16
_xTEOLOGIA
_PP35
_0COMPRA
_o.STAFF. Colección Teología
_d61431
980 _81
_gALBERTO SANCHEZ Responsable de Automatización